| 000 | 00484nam a2200181Ia 4500 | ||
|---|---|---|---|
| 008 | 230917s9999||||xx |||||||||||||| ||und|| | ||
| 020 | _cRS375 | ||
| 040 |
_e213418 _aMAIN |
||
| 041 | _aEnglish | ||
| 082 | _a647.94 A27H(3) | ||
| 100 | _aAndrews,Sudhir | ||
| 245 | 0 | _aHotel front office: A training manual | |
| 250 | _a3rd ed. | ||
| 260 |
_aNew Delhi _bMcGraw Hill Education _c2013 |
||
| 300 | _axxv, 374 p. | ||
| 500 | _a4548 20/12/2013 5639 15/01/2014 IHTM (SFS) | ||
| 942 | _cBK | ||
| 999 |
_c34702 _d34702 |
||